000 00807nam a2200277Ia 4500
003 OSt
005 20220918164607.0
006 a|||||r|||| 00| 0
007 ta
008 220917b |||||||| |||| 00| 0 eng d
020 _a0700706046 (hbk)
024 _a188,674
037 _cTextual
040 _aARTS
_cARTS
_beng
041 _2eng
_aeng
082 _aV4:17.N:(Y7), N9
100 _aBremen Jan Van Ed.
_919644
245 0 _aAnthropology and colonialism in Asia and Oceania
260 _aRichmond
_bCurzon Press UK
_c1999
300 _axi, 409 p
_ccm.
490 _aAnthropology of Asia series
650 _aHISTORY
700 _a Shimizu Akitoshi Ed.
_919645
942 _hV4:17.N:(Y7), N9
_cTEXL
_2CC
999 _c125506
_d125506